Blueprint for North West (Record no. 70315)

MARC details
000 -LEADER
fixed length control field 01039cam a2200217 4500
001 - CONTROL NUMBER
control field WB3819-23
008 - FIXED-LENGTH DATA ELEMENTS--GENERAL INFORMATION
fixed length control field 020521n2002 000 0 eng u
035 ## - SYSTEM CONTROL NUMBER
System control number (Sirsi) u118076
245 ## - TITLE STATEMENT
Title Blueprint for North West
260 ## - PUBLICATION, DISTRIBUTION, ETC.
Date of publication, distribution, etc. 2002
490 ## - SERIES STATEMENT
Series statement DTLR News Release
Volume/sequential designation (0213) 20 May 2002, (2)
520 ## - SUMMARY, ETC.
Summary, etc. Proposed changes to the Draft Regional Planning Guidance for the North West (RPG13) have been published for consultation. The changes call for an integrated approach to housing renewal and suggest that local authorities take into consideration social, environmental and economic issues. Consultation deadline is 16 August 2002. Draft RPG13 available at http://www.go-nw.gov.uk/planning/rpgchanges.html. http://www.press.dtlr.gov.uk/pns/DisplayPN.cgi?pn_id=2002_0213
590 ## - LOCAL NOTE (RLIN)
Local note WB
650 ## - SUBJECT ADDED ENTRY--TOPICAL TERM
Topical term or geographic name entry element NORTHWEST ENGLAND
650 ## - SUBJECT ADDED ENTRY--TOPICAL TERM
Topical term or geographic name entry element REGIONAL PLANNING GUIDANCE
650 ## - SUBJECT ADDED ENTRY--TOPICAL TERM
Topical term or geographic name entry element RPG13
650 ## - SUBJECT ADDED ENTRY--TOPICAL TERM
Topical term or geographic name entry element URBAN RENAISSANCE
650 ## - SUBJECT ADDED ENTRY--TOPICAL TERM
Topical term or geographic name entry element HOUSING
690 ## - LOCAL SUBJECT ADDED ENTRY--TOPICAL TERM (OCLC, RLIN)
Topical term or geographic name as entry element ENVIRONMENTAL AND LAND CONSULTANCY-PLANNING AND DEVELOPMENT
942 ## - ADDED ENTRY ELEMENTS (KOHA)
Suppress in OPAC 0
Holdings
Withdrawn status Lost status Source of classification or shelving scheme Damaged status Not for loan Home library Current library Shelving location Date acquired Total Checkouts Full call number Barcode Date last seen Copy number Price effective from Koha item type
    Dewey Decimal Classification     London London News article 21/05/2002   WB3819-23 118076-1001 06/08/2019 1 06/08/2019 News article